00666nam a2200157Ia 4500008004100000100002000041245010400061245010300165260005300268260000900321300001000330650001500340856006100355999001900416952007300435170221s9999 xx 000 0 und d aHishan S. Sanil aEffectiveness of Supply Chain Management with Reference to Apparel Industry: A Case Study in India  cHishan S. Sanil, Suresh Ramakrishnan, Mohammed Alwethainani, Abdul Ghafoor Kazi, Muhammad Siddique bInternational Review of Management and Marketing c2012 a7 : 1 xMarketing. uhttp://www.econjournals.com/index.php/irmm/issue/view/77 c313922d313922 001040aCLbCLd2017-02-21l0r2017-02-21 00:00:00w2017-02-21yFOJ